Observation of Surface to Atmosphere Interactions in the Tropics (Record no. 30699)

000 -LEADER
fixed length control field 00508nam a2200193Ia 4500
003 - CONTROL NUMBER IDENTIFIER
control field 0Nust
005 - DATE AND TIME OF LATEST TRANSACTION
control field 20170105110251.0
008 - FIXED-LENGTH DATA ELEMENTS--GENERAL INFORMATION
fixed length control field 161124s9999 xx 000 0 und d
020 ## - INTERNATIONAL STANDARD BOOK NUMBER
International Standard Book Number 0-19-511270-9
040 ## - CATALOGING SOURCE
Transcribing agency IGIS
041 ## - LANGUAGE CODE
Language code of text/sound track or separate title English
082 ## - DEWEY DECIMAL CLASSIFICATION NUMBER
Classification number 551.5240913 21
Author Mark JAR
100 ## - MAIN ENTRY--PERSONAL NAME
Personal name Garstang Michael
245 ## - TITLE STATEMENT
Title Observation of Surface to Atmosphere Interactions in the Tropics
260 ## - PUBLICATION, DISTRIBUTION, ETC.
Place of publication, distribution, etc. London
Name of publisher, distributor, etc. Oxford Press
Date of publication, distribution, etc. 1999
300 ## - PHYSICAL DESCRIPTION
Extent 405
505 ## - FORMATTED CONTENTS NOTE
Formatted contents note Observation of Surface
650 ## - SUBJECT ADDED ENTRY--TOPICAL TERM
Topical term or geographic name entry element Observation of Surface
942 ## - ADDED ENTRY ELEMENTS (KOHA)
Koha item type Book
Holdings
Withdrawn status Lost status Damaged status Not for loan Collection code Permanent Location Current Location Date acquired Source of acquisition Total Checkouts Full call number Barcode Date last seen Price effective from Koha item type
          Institute of Geographical Information Systems (IGIS) Institute of Geographical Information Systems (IGIS)   P: Pak Amrican Book   551.5240913 21JAR IGIS376 01/05/2017   Book
© 2023 Central Library, National University of Sciences and Technology. All Rights Reserved.